000 00657nam a2200217Ia 4500
005 20260601193248.0
008 260601s9999||||xx |||||||||||||| ||und||
020 _a978-981-97-4465-7
_qebk
100 _aIlsun You
245 0 _aMobile Internet Security
250 _a2024
260 _aHeidelberg, Germany
_bSpringer Nature
_c2024
440 _aCommunications in Computer and Information Science
650 _aComputer Science
700 _aHwankuk Kim
700 _aMicha? Chora?
700 _aPhilip Virgil Astillo
700 _aSeonghan Shin
856 _uhttps://link.springer.com/openurl?genre=book&isbn=978-981-97-4465-7
942 _cEB
_2ddc
999 _c56638
_d56638